000 01116cam a2200241 4500
001 ABS66475
008 030306n2003 000 0 eng u
035 _a(Sirsi) u121544
100 _aSchurder, J.
245 _aRate of transition
260 _c2003
490 _aEstates Gazette
_v(0308) 22 February 2003, 120-121(2)
520 _aThe Valuation Office Agency is modernising the way it gives information to ratepayers about rate assessments and is aiming to improve the accuracy of valuations. However only half the problem has been considered. The omission is schemes of transitional arrangements that accompany rating revaluations. RICS, IRRV, and RSA have produced research to consider alternatives to fill the gap. As a result the research advises modifications to the Local Government Bill to rectify any problems.
590 _aABS
650 _aBUSINESS RATES
650 _aRATING ASSESSMENTS
650 _aRATING REFORM
650 _aTRANSITIONAL ARRANGEMENTS
650 _aTRANSITIONAL RATE RELIEF
650 _aLOCAL GOVERNMENT BILL
690 _aRATING AND LOCAL TAXATION
942 _n0
999 _c72243
_d72243